000 01308cam a2200265 i 4500
003 SA-RiAUC
005 20260307115432.0
008 260224s1907 ua g 00000 ara c
040 _aSA-RiKSU
_bara
_cSA-RiAUC
_erda
082 0 4 _a243
090 _aم ن 243
_bك ت ا
100 1 _aالكتاني، محمد بن جعفر بن إدريس،
_d1274-1345 هجري
_eمؤلف.
245 1 0 _aشفاء الأسقام والآلام بما يكفر ما تقدم وما تأخر من الذنوب والآثام ؛
_bويليه بلوغ القصد والمرام ببيان بعض ما تنفر منه الملائكة الكرام /
_cمحمد بن جعفر الكتاني.
250 _aالطبعة الأولى.
264 1 _a[مكان النشر غير محدد] :
_b[الناشر غير محدد]،
_c[1907]
264 3 _aالقاهرة :
_bالمطبعة الحسينية
300 _a64، 52 صفحة؛
_c29 سم.
336 _aنص
_btxt
_2rdacontent
_3كتاب
337 _aبدون وسيط
_bn
_2rdamedia
338 _aمجلد
_bnc
_2rdacarrier
650 7 _aالثواب والعقاب
_2aucsh
740 0 2 _aبلوغ القصد والمرام ببيان بعض ما تنفر منه الملائكة الكرام.
942 _2ddc
_cRBOOK COPY
_n0
949 _aSA-JeALM
_d260224
_umohamedma123
_n1
999 _c14509
_d14509